[Event "Silkway Cup"]
[Site "T#646345FIDE"]
[Date "2020.05.28"]
[Round "13"]
[White "Nino2014"]
[Black "Skoffee"]
[Result "1/2-1/2"]
[WhiteElo "1768"]
[BlackElo "1760"]
[Annotator "NA"]
[PlyCount "172"]
[EventDate "2020.05.28"]
[EventType "swiss (blitz)"]

1. d4 {[%emt 0:00:02]} Nf6 {[%emt 0:00:01]} 2. Nf3 {[%emt 0:00:01]} e6 {[%emt 0:00:01]} 3. Bf4 {[%emt 0:00:01]} b6 {[%emt 0:00:02]} 4. e3 {[%emt 0:00:02]} Bb7 {[%emt 0:00:01]} 5. Nbd2 {[%emt 0:00:02]} Be7 {[%emt 0:00:01]} 6. Bd3 {[%emt 0:00:02]} c5 {[%emt 0:00:01]} 7. h3 {[%emt 0:00:03]} Nc6 {[%emt 0:00:01]} 8. c3 {[%emt 0:00:03]} cxd4 {[%emt 0:00:03]} 9. exd4 {[%emt 0:00:02]} d6 {[%emt 0:00:01]} 10. O-O {[%emt 0:00:04]} e5 {[%emt 0:00:03]} 11. Bh2 {[%emt 0:00:07]} O-O {[%emt 0:00:05]} 12. Re1 {[%emt 0:00:04]} exd4 {[%emt 0:00:11]} 13. cxd4 {[%emt 0:00:05]} d5 {[%emt 0:00:01]} 14. Nf1 {[%emt 0:00:13]} Bb4 {[%emt 0:00:02]} 15. Re2 {[%emt 0:00:04]} Re8 {[%emt 0:00:02]} 16. Rxe8+ {[%emt 0:00:17]} Qxe8 {[%emt 0:00:01]} 17. Ne3 {[%emt 0:00:03]} g6 {[%emt 0:00:05]} 18. Qb3 {[%emt 0:00:24]} Rd8 {[%emt 0:00:25]} 19. Ne5 {[%emt 0:00:04]} Bd2 {[%emt 0:00:09]} 20. Qd1 {[%emt 0:00:15]} Bxe3 {[%emt 0:00:12]} 21. fxe3 {[%emt 0:00:00]} Ne4 {[%emt 0:00:01]} 22. Qf3 {[%emt 0:00:09]} f6 {[%emt 0:00:06]} 23. Nxc6 {[%emt 0:00:16]} Qxc6 {[%emt 0:00:02]} 24. Rf1 {[%emt 0:00:09]} Kg7 {[%emt 0:00:08]} 25. Qe2 {[%emt 0:00:14]} Rc8 {[%emt 0:00:05]} 26. Bf4 {[%emt 0:00:03]} h5 {[%emt 0:00:07]} 27. a3 {[%emt 0:00:17]} Qa4 {[%emt 0:00:10]} 28. Bh2 {[%emt 0:00:08]} Qb3 {[%emt 0:00:07]} 29. Bf4 {[%emt 0:00:04]} b5 {[%emt 0:00:07]} 30. Bh2 {[%emt 0:00:14]} a5 {[%emt 0:00:05]} 31. Bxe4 {[%emt 0:00:05]} dxe4 {[%emt 0:00:02]} 32. Qf2 {[%emt 0:00:01]} Rc6 {[%emt 0:00:06]} 33. Be5 {[%emt 0:00:01]} Qe6 {[%emt 0:00:16]} 34. Qf4 {[%emt 0:00:08]} Qf5 {[%emt 0:00:16]} 35. Qxf5 {[%emt 0:00:05]} gxf5 {[%emt 0:00:01]} 36. Bg3 {[%emt 0:00:02]} Kg6 {[%emt 0:00:04]} 37. Rf2 {[%emt 0:00:03]} Rc1+ {[%emt 0:00:04]} 38. Kh2 {[%emt 0:00:01]} Bd5 {[%emt 0:00:02]} 39. Bd6 {[%emt 0:00:02]} h4 {[%emt 0:00:07]} 40. g3 {[%emt 0:00:04]} hxg3+ {[%emt 0:00:03]} 41. Kxg3 {[%emt 0:00:00]} Bc4 {[%emt 0:00:04]} 42. h4 {[%emt 0:00:02]} Rg1+ {[%emt 0:00:05]} 43. Kh2 {[%emt 0:00:02]} Re1 {[%emt 0:00:01]} 44. Bf4 {[%emt 0:00:02]} Kh5 {[%emt 0:00:02]} 45. Kg3 {[%emt 0:00:03]} Rg1+ {[%emt 0:00:02]} 46. Kh2 {[%emt 0:00:01]} Re1 {[%emt 0:00:05]} 47. Kg3 {[%emt 0:00:01]} Be2 {[%emt 0:00:03]} 48. Bc7 {[%emt 0:00:03]} a4 {[%emt 0:00:07]} 49. Rxf5+ {[%emt 0:00:02]} Kg6 {[%emt 0:00:02]} 50. Rc5 {[%emt 0:00:02]} Rb1 {[%emt 0:00:07]} 51. Kf4 {[%emt 0:00:03]} Bd3 {[%emt 0:00:06]} 52. Rc6 {[%emt 0:00:06]} Rxb2 {[%emt 0:00:03]} 53. Bd8 {[%emt 0:00:04]} Rf2+ {[%emt 0:00:02]} 54. Kg3 {[%emt 0:00:01]} Rf3+ {[%emt 0:00:01]} 55. Kg2 {[%emt 0:00:01]} Bf1+ {[%emt 0:00:02]} 56. Kg1 {[%emt 0:00:02]} Bh3 {[%emt 0:00:01]} 57. h5+ {[%emt 0:00:02]} Kxh5 {[%emt 0:00:02]} 58. Rxf6 {[%emt 0:00:01]} Rxe3 {[%emt 0:00:01]} 59. Rb6 {[%emt 0:00:03]} Rb3 {[%emt 0:00:03]} 60. d5 {[%emt 0:00:02]} e3 {[%emt 0:00:01]} 61. Rb7 {[%emt 0:00:11]} Rb1+ {[%emt 0:00:02]} 62. Kh2 {[%emt 0:00:01]} Bf5 {[%emt 0:00:02]} 63. Ba5 {[%emt 0:00:01]} Kg4 {[%emt 0:00:02]} 64. Rg7+ {[%emt 0:00:02]} Kf3 {[%emt 0:00:02]} 65. Rg3+ {[%emt 0:00:02]} Ke4 {[%emt 0:00:01]} 66. d6 {[%emt 0:00:01]} Rd1 {[%emt 0:00:02]} 67. Bb6 {[%emt 0:00:02]} Rxd6 {[%emt 0:00:13]} 68. Bxe3 {[%emt 0:00:01]} Rd3 {[%emt 0:00:01]} 69. Bc5 {[%emt 0:00:02]} Rd2+ {[%emt 0:00:01]} 70. Rg2 {[%emt 0:00:01]} Rd5 {[%emt 0:00:03]} 71. Bb4 {[%emt 0:00:01]} Rd3 {[%emt 0:00:04]} 72. Re2+ {[%emt 0:00:03]} Kd5 {[%emt 0:00:01]} 73. Re7 {[%emt 0:00:01]} Kc4 {[%emt 0:00:01]} 74. Rc7+ {[%emt 0:00:02]} Kb3 {[%emt 0:00:02]} 75. Rc5 {[%emt 0:00:01]} Bd7 {[%emt 0:00:02]} 76. Rc7 {[%emt 0:00:02]} Ka2 {[%emt 0:00:04]} 77. Kg2 {[%emt 0:00:01]} Be6 {[%emt 0:00:02]} 78. Rc5 {[%emt 0:00:07]} Bc4 {[%emt 0:00:01]} 79. Kf2 {[%emt 0:00:01]} Rxa3 {[%emt 0:00:01]} 80. Bxa3 {[%emt 0:00:01]} Kxa3 {[%emt 0:00:01]} 81. Ke3 {[%emt 0:00:01]} Kb2 {[%emt 0:00:01]} 82. Rg5 {[%emt 0:00:06]} a3 {[%emt 0:00:03]} 83. Kd4 {[%emt 0:00:03]} Bb3 {[%emt 0:00:03]} 84. Rxb5 {[%emt 0:00:03]} a2 {[%emt 0:00:03]} 85. Ra5 {[%emt 0:00:01]} a1=Q {[%emt 0:00:04]} 86. Rxa1 {[%emt 0:00:02]} Kxa1 {[%emt 0:00:01] (Lag: Av=0.41s, max=1.0s)} 1/2-1/2

[Event "Silkway Cup"]
[Site "T#646345FIDE"]
[Date "2020.05.28"]
[Round "13"]
[White "Meri-Arabidze"]
[Black "Profi013"]
[Result "1-0"]
[WhiteElo "1766"]
[BlackElo "1852"]
[Annotator "NA"]
[PlyCount "63"]
[EventDate "2020.05.28"]
[EventType "swiss (blitz)"]

1. d4 {[%emt 0:00:04]} d5 {[%emt 0:00:01]} 2. c4 {[%emt 0:00:02]} dxc4 {[%emt 0:00:01]} 3. Nf3 {[%emt 0:00:02]} Nf6 {[%emt 0:00:01]} 4. e3 {[%emt 0:00:01]} a6 {[%emt 0:00:00]} 5. a4 {[%emt 0:00:05]} e6 {[%emt 0:00:03]} 6. Bxc4 {[%emt 0:00:01]} b6 {[%emt 0:00:00]} 7. O-O {[%emt 0:00:02]} Bb7 {[%emt 0:00:01]} 8. Nc3 {[%emt 0:00:02]} Nbd7 {[%emt 0:00:02]} 9. Qe2 {[%emt 0:00:01]} Bb4 {[%emt 0:00:01]} 10. Rd1 {[%emt 0:00:02]} O-O {[%emt 0:00:02]} 11. Bd2 {[%emt 0:00:06]} Qe7 {[%emt 0:00:01]} 12. Rac1 {[%emt 0:00:04]} Rfc8 {[%emt 0:00:02]} 13. h3 {[%emt 0:00:03]} h6 {[%emt 0:00:01]} 14. Be1 {[%emt 0:00:16]} c5 {[%emt 0:00:01]} 15. Ne5 {[%emt 0:00:27]} cxd4 {[%emt 0:00:00]} 16. exd4 {[%emt 0:00:01]} Rc7 {[%emt 0:00:15]} 17. Bb3 {[%emt 0:00:11]} Bxc3 {[%emt 0:00:05]} 18. bxc3 {[%emt 0:00:02]} Nxe5 {[%emt 0:00:04]} 19. Qxe5 {[%emt 0:00:06]} Rac8 {[%emt 0:00:04]} 20. c4 {[%emt 0:00:05]} Nd7 {[%emt 0:00:04]} 21. Qg3 {[%emt 0:00:05]} Be4 {[%emt 0:00:13]} 22. Bd2 {[%emt 0:00:04]} Bg6 {[%emt 0:00:17]} 23. Bf4 {[%emt 0:00:02]} Rc6 {[%emt 0:00:01]} 24. Re1 {[%emt 0:00:07]} Qb4 {[%emt 0:00:07]} 25. Rcd1 {[%emt 0:00:14]} Nf6 {[%emt 0:00:03]} 26. Bd2 {[%emt 0:00:12]} Qa3 {[%emt 0:00:12]} 27. d5 {[%emt 0:00:17]} exd5 {[%emt 0:00:22]} 28. cxd5 {[%emt 0:00:00]} Rc5 {[%emt 0:00:03]} 29. d6 {[%emt 0:00:02]} Rd8 {[%emt 0:00:15]} 30. Bxf7+ {[%emt 0:00:03]} Bxf7 {[%emt 0:00:02]} 31. Qxa3 {[%emt 0:00:00]} Rd5 {[%emt 0:00:05]} 32. Bf4 {[%emt 0:00:02] Profi013 resigns (Lag: Av=1.15s, max=5.8s)} 1-0

[Event "Silkway Cup"]
[Site "T#646345FIDE"]
[Date "2020.05.28"]
[Round "13"]
[White "Powerstrong"]
[Black "Atesh"]
[Result "0-1"]
[WhiteElo "1734"]
[BlackElo "1689"]
[Annotator "NA"]
[PlyCount "76"]
[EventDate "2020.05.28"]
[EventType "swiss (blitz)"]

1. e4 {[%emt 0:00:01]} c5 {[%emt 0:00:03]} 2. Nf3 {[%emt 0:00:03]} d6 {[%emt 0:00:01]} 3. d4 {[%emt 0:00:01]} cxd4 {[%emt 0:00:01]} 4. Nxd4 {[%emt 0:00:01]} Nf6 {[%emt 0:00:02]} 5. Nc3 {[%emt 0:00:01]} a6 {[%emt 0:00:01]} 6. Be3 {[%emt 0:00:01]} e5 {[%emt 0:00:02]} 7. Nb3 {[%emt 0:00:01]} Be6 {[%emt 0:00:01]} 8. f3 {[%emt 0:00:01]} h5 {[%emt 0:00:02]} 9. Qd2 {[%emt 0:00:02]} Nbd7 {[%emt 0:00:02]} 10. O-O-O {[%emt 0:00:18]} b5 {[%emt 0:00:02]} 11. Nd5 {[%emt 0:00:01]} Bxd5 {[%emt 0:00:02]} 12. exd5 {[%emt 0:00:01]} Nb6 {[%emt 0:00:08]} 13. Bg5 {[%emt 0:01:32]} Be7 {[%emt 0:00:20]} 14. Na5 {[%emt 0:00:06]} Nfxd5 {[%emt 0:00:06]} 15. Nc6 {[%emt 0:00:04]} Bxg5 {[%emt 0:00:03]} 16. Nxd8 {[%emt 0:00:21]} Bxd2+ {[%emt 0:00:02]} 17. Rxd2 {[%emt 0:00:00]} Rxd8 {[%emt 0:00:03]} 18. b3 {[%emt 0:00:01]} Ke7 {[%emt 0:00:03]} 19. Bd3 {[%emt 0:00:01]} Nf6 {[%emt 0:00:02]} 20. Re1 {[%emt 0:00:02]} Nbd7 {[%emt 0:00:07]} 21. f4 {[%emt 0:00:01]} h4 {[%emt 0:00:03]} 22. Bf1 {[%emt 0:00:08]} Rc8 {[%emt 0:00:04]} 23. Red1 {[%emt 0:00:05]} Rc6 {[%emt 0:00:02]} 24. g3 {[%emt 0:00:02]} hxg3 {[%emt 0:00:02]} 25. hxg3 {[%emt 0:00:01]} Ne4 {[%emt 0:00:03]} 26. Rg2 {[%emt 0:00:08]} Nc3 {[%emt 0:00:04]} 27. Re1 {[%emt 0:00:02]} Nxa2+ {[%emt 0:00:08]} 28. Kb2 {[%emt 0:00:14]} Nc3 {[%emt 0:00:01]} 29. Rd2 {[%emt 0:00:01]} b4 {[%emt 0:00:04]} 30. Bg2 {[%emt 0:00:01]} Rb6 {[%emt 0:00:08]} 31. fxe5 {[%emt 0:00:06]} Nxe5 {[%emt 0:00:02]} 32. Rd4 {[%emt 0:00:05]} a5 {[%emt 0:00:02]} 33. Ra1 {[%emt 0:00:02]} Rh2 {[%emt 0:00:05]} 34. Ba8 {[%emt 0:00:06]} Rb5 {[%emt 0:00:18]} 35. g4 {[%emt 0:00:13]} Rc5 {[%emt 0:00:02]} 36. g5 {[%emt 0:00:04]} Nb5 {[%emt 0:00:05]} 37. Re4 {[%emt 0:00:05]} Rcxc2+ {[%emt 0:00:02]} 38. Kb1 {[%emt 0:00:01]} Nc3# {[%emt 0:00:01] (Lag: Av=0.48s, max=1.0s)} 0-1

[Event "Silkway Cup"]
[Site "T#646345FIDE"]
[Date "2020.05.28"]
[Round "13"]
[White "Nara_Kh"]
[Black "luka oboladze"]
[Result "0-1"]
[WhiteElo "1732"]
[BlackElo "2246"]
[PlyCount "110"]
[EventDate "2020.05.28"]
[EventType "swiss (blitz)"]

1. e4 {[%emt 0:00:02]} c5 {[%emt 0:00:03]} 2. Be2 {[%emt 0:00:01]} Nc6 {[%emt 0:00:03]} 3. f4 {[%emt 0:00:01]} d5 {[%emt 0:00:04]} 4. d3 {[%emt 0:00:02]} dxe4 {[%emt 0:00:07]} 5. dxe4 {[%emt 0:00:01]} Qxd1+ {[%emt 0:00:01]} 6. Bxd1 {[%emt 0:00:01]} Nf6 {[%emt 0:00:00]} 7. Nd2 {[%emt 0:00:12]} e5 {[%emt 0:00:09]} 8. fxe5 {[%emt 0:00:58]} Nxe5 {[%emt 0:00:04]} 9. Ngf3 {[%emt 0:00:01]} Neg4 {[%emt 0:00:14]} 10. e5 {[%emt 0:00:12]} Nd5 {[%emt 0:00:03]} 11. Ne4 {[%emt 0:00:23]} Bf5 {[%emt 0:00:33]} 12. Ng3 {[%emt 0:00:07]} Bg6 {[%emt 0:00:01]} 13. c3 {[%emt 0:00:12]} O-O-O {[%emt 0:00:06]} 14. h3 {[%emt 0:00:14]} Nge3 {[%emt 0:00:02]} 15. Bxe3 {[%emt 0:00:01]} Nxe3 {[%emt 0:00:00]} 16. Kf2 {[%emt 0:00:01]} Nc4 {[%emt 0:00:30]} 17. b3 {[%emt 0:00:12]} Nb2 {[%emt 0:00:02]} 18. c4 {[%emt 0:00:14]} Be7 {[%emt 0:00:07]} 19. Be2 {[%emt 0:00:09]} f6 {[%emt 0:00:18]} 20. Nh4 {[%emt 0:00:24]} fxe5 {[%emt 0:00:09]} 21. Nxg6 {[%emt 0:00:01]} hxg6 {[%emt 0:00:00]} 22. Ne4 {[%emt 0:00:07]} Rd4 {[%emt 0:00:08]} 23. Ke3 {[%emt 0:00:02]} Rh4 {[%emt 0:00:04]} 24. Bf3 {[%emt 0:00:05]} Nd3 {[%emt 0:00:07]} 25. Rad1 {[%emt 0:00:02]} Nb4 {[%emt 0:00:05]} 26. g3 {[%emt 0:00:01]} Nc2+ {[%emt 0:00:03]} 27. Kf2 {[%emt 0:00:05]} Rhxe4 {[%emt 0:00:04]} 28. Bxe4 {[%emt 0:00:02]} Rxe4 {[%emt 0:00:00]} 29. Rd2 {[%emt 0:00:01]} Nd4 {[%emt 0:00:01]} 30. Rf1 {[%emt 0:00:02]} Bg5 {[%emt 0:00:02]} 31. Rb2 {[%emt 0:00:01]} Re3 {[%emt 0:00:05]} 32. h4 {[%emt 0:00:01]} Rf3+ {[%emt 0:00:03]} 33. Kg2 {[%emt 0:00:01]} Rxf1 {[%emt 0:00:00]} 34. Kxf1 {[%emt 0:00:01]} Be3 {[%emt 0:00:02]} 35. Kg2 {[%emt 0:00:01]} Kd7 {[%emt 0:00:02]} 36. Kh3 {[%emt 0:00:01]} Ke6 {[%emt 0:00:01]} 37. Kg4 {[%emt 0:00:01]} e4 {[%emt 0:00:01]} 38. h5 {[%emt 0:00:01]} gxh5+ {[%emt 0:00:01]} 39. Kxh5 {[%emt 0:00:00]} Kf5 {[%emt 0:00:02]} 40. g4+ {[%emt 0:00:01]} Kf4 {[%emt 0:00:03]} 41. g5 {[%emt 0:00:01]} Ne6 {[%emt 0:00:05]} 42. g6 {[%emt 0:00:01]} Kf3 {[%emt 0:00:02]} 43. Rh2 {[%emt 0:00:01]} Nf4+ {[%emt 0:00:01]} 44. Kg5 {[%emt 0:00:01]} Bf2 {[%emt 0:00:09]} 45. Rh7 {[%emt 0:00:06]} e3 {[%emt 0:00:02]} 46. Kf5 {[%emt 0:00:06]} e2 {[%emt 0:00:02]} 47. Rh1 {[%emt 0:00:04]} e1=Q {[%emt 0:00:01]} 48. Rxe1 {[%emt 0:00:01]} Bxe1 {[%emt 0:00:00]} 49. Ke5 {[%emt 0:00:01]} Nxg6+ {[%emt 0:00:01]} 50. Kf5 {[%emt 0:00:01]} Nf4 {[%emt 0:00:01]} 51. Kg5 {[%emt 0:00:01]} Bc3 {[%emt 0:00:04]} 52. Kf5 {[%emt 0:00:02]} g6+ {[%emt 0:00:01]} 53. Kg5 {[%emt 0:00:01]} Ke4 {[%emt 0:00:01]} 54. Kg4 {[%emt 0:00:01]} Ne6 {[%emt 0:00:02]} 55. Kg3 {[%emt 0:00:01]} Kf5 {[%emt 0:00:01] Nara_Kh Ñäàåòñÿ (Lag: Av=0.54s, max=1.2s)} 0-1

[Event "Silkway Cup"]
[Site "T#646345FIDE"]
[Date "2020.05.28"]
[Round "13"]
[White "Gb_23"]
[Black "Diana lomaia"]
[Result "1-0"]
[WhiteElo "1685"]
[BlackElo "1512"]
[Annotator "NA"]
[PlyCount "85"]
[EventDate "2020.05.28"]
[EventType "swiss (blitz)"]

1. c4 {[%emt 0:00:02]} e5 {[%emt 0:00:01]} 2. g3 {[%emt 0:00:01]} c6 {[%emt 0:00:03]} 3. d4 {[%emt 0:00:02]} e4 {[%emt 0:00:32]} 4. Nc3 {[%emt 0:00:07]} d5 {[%emt 0:00:03]} 5. Bg2 {[%emt 0:00:07]} Be6 {[%emt 0:00:02]} 6. cxd5 {[%emt 0:00:11]} cxd5 {[%emt 0:00:02]} 7. Nh3 {[%emt 0:00:11]} Bd6 {[%emt 0:00:20]} 8. Nf4 {[%emt 0:00:19]} Bxf4 {[%emt 0:00:06]} 9. Bxf4 {[%emt 0:00:00]} Nf6 {[%emt 0:00:01]} 10. O-O {[%emt 0:00:07]} O-O {[%emt 0:00:07]} 11. f3 {[%emt 0:00:03]} Nc6 {[%emt 0:00:06]} 12. Bg5 {[%emt 0:00:27]} h6 {[%emt 0:00:12]} 13. Bxf6 {[%emt 0:00:08]} Qxf6 {[%emt 0:00:01]} 14. fxe4 {[%emt 0:00:01]} Qxd4+ {[%emt 0:00:08]} 15. Qxd4 {[%emt 0:00:01]} Nxd4 {[%emt 0:00:01]} 16. exd5 {[%emt 0:00:01]} Bg4 {[%emt 0:00:16]} 17. e4 {[%emt 0:00:11]} b5 {[%emt 0:00:06]} 18. h3 {[%emt 0:00:03]} Be2 {[%emt 0:00:10]} 19. Nxe2 {[%emt 0:00:06]} Nxe2+ {[%emt 0:00:01]} 20. Kf2 {[%emt 0:00:01]} Nd4 {[%emt 0:00:14]} 21. Rfd1 {[%emt 0:00:02]} Nc2 {[%emt 0:00:10]} 22. Rac1 {[%emt 0:00:02]} Rac8 {[%emt 0:00:02]} 23. d6 {[%emt 0:00:19]} Nb4 {[%emt 0:00:17]} 24. Rxc8 {[%emt 0:00:36]} Rxc8 {[%emt 0:00:02]} 25. d7 {[%emt 0:00:14]} Rd8 {[%emt 0:00:01]} 26. Rd6 {[%emt 0:00:02]} Kf8 {[%emt 0:00:05]} 27. a3 {[%emt 0:00:14]} Ke7 {[%emt 0:00:10]} 28. e5 {[%emt 0:00:01]} Nc2 {[%emt 0:00:13]} 29. Bc6 {[%emt 0:00:02]} f6 {[%emt 0:00:06]} 30. Rd2 {[%emt 0:00:02]} Na1 {[%emt 0:00:08]} 31. exf6+ {[%emt 0:00:01]} Kxf6 {[%emt 0:00:04]} 32. Rd3 {[%emt 0:00:02]} Nc2 {[%emt 0:00:04]} 33. Ke2 {[%emt 0:00:06]} Ke7 {[%emt 0:00:04]} 34. Kd2 {[%emt 0:00:02]} Na1 {[%emt 0:00:06]} 35. Kc1 {[%emt 0:00:01]} Rf8 {[%emt 0:00:03]} 36. Kb1 {[%emt 0:00:08]} Rf1+ {[%emt 0:00:01]} 37. Ka2 {[%emt 0:00:01]} Kd8 {[%emt 0:00:03]} 38. Re3 {[%emt 0:00:01]} Kc7 {[%emt 0:00:04]} 39. Re8 {[%emt 0:00:03]} Rd1 {[%emt 0:00:02]} 40. Rc8+ {[%emt 0:00:02]} Kb6 {[%emt 0:00:02]} 41. d8=Q+ {[%emt 0:00:02]} Rxd8 {[%emt 0:00:01]} 42. Rxd8 {[%emt 0:00:00]} Kxc6 {[%emt 0:00:01]} 43. Kxa1 {[%emt 0:00:01] Diana lomaia resigns (Lag: Av=2.30s, max=7.4s)} 1-0

[Event "Silkway Cup"]
[Site "T#646345FIDE"]
[Date "2020.05.28"]
[Round "13"]
[White "Ninullia"]
[Black "Niadongh"]
[Result "1-0"]
[WhiteElo "1648"]
[BlackElo "1526"]
[Annotator "NA"]
[PlyCount "117"]
[EventDate "2020.05.28"]
[EventType "swiss (blitz)"]

1. d4 {[%emt 0:00:02]} Nf6 {[%emt 0:00:01]} 2. c4 {[%emt 0:00:02]} c5 {[%emt 0:00:01]} 3. d5 {[%emt 0:00:01]} e6 {[%emt 0:00:00]} 4. Nc3 {[%emt 0:00:01]} exd5 {[%emt 0:00:00]} 5. cxd5 {[%emt 0:00:02]} d6 {[%emt 0:00:00]} 6. Nf3 {[%emt 0:00:00]} g6 {[%emt 0:00:00]} 7. Bf4 {[%emt 0:00:01]} Bg7 {[%emt 0:00:02]} 8. Qa4+ {[%emt 0:00:08]} Bd7 {[%emt 0:00:17]} 9. Qb3 {[%emt 0:00:01]} Qc7 {[%emt 0:00:22]} 10. e3 {[%emt 0:00:10]} O-O {[%emt 0:00:05]} 11. Be2 {[%emt 0:00:01]} a6 {[%emt 0:00:01]} 12. a4 {[%emt 0:00:03]} Bg4 {[%emt 0:00:18]} 13. O-O {[%emt 0:00:03]} Nh5 {[%emt 0:00:12]} 14. Bg5 {[%emt 0:00:15]} h6 {[%emt 0:00:03]} 15. Bh4 {[%emt 0:00:01]} g5 {[%emt 0:00:09]} 16. Bg3 {[%emt 0:00:01]} Nxg3 {[%emt 0:00:02]} 17. hxg3 {[%emt 0:00:04]} Nd7 {[%emt 0:00:02]} 18. Nd2 {[%emt 0:00:09]} Bxe2 {[%emt 0:00:10]} 19. Nxe2 {[%emt 0:00:00]} Ne5 {[%emt 0:00:02]} 20. Rac1 {[%emt 0:00:30]} Rab8 {[%emt 0:00:02]} 21. Nd4 {[%emt 0:00:17]} Qd7 {[%emt 0:00:08]} 22. N4f3 {[%emt 0:00:06]} Ng6 {[%emt 0:00:10]} 23. a5 {[%emt 0:00:06]} Ne7 {[%emt 0:00:32]} 24. e4 {[%emt 0:00:09]} Rfd8 {[%emt 0:00:35]} 25. Nc4 {[%emt 0:00:03]} Qg4 {[%emt 0:00:04]} 26. Rfe1 {[%emt 0:00:06]} Ng6 {[%emt 0:00:02]} 27. Ne3 {[%emt 0:00:06]} Qxe4 {[%emt 0:00:10]} 28. Nd2 {[%emt 0:00:01]} Qd4 {[%emt 0:00:13]} 29. Ndc4 {[%emt 0:00:56]} h5 {[%emt 0:00:07]} 30. Nf5 {[%emt 0:00:11]} Qf6 {[%emt 0:00:01]} 31. Nxg7 {[%emt 0:00:06]} Kxg7 {[%emt 0:00:01]} 32. Nd2 {[%emt 0:00:04]} h4 {[%emt 0:00:04]} 33. Ne4 {[%emt 0:00:01]} Qf5 {[%emt 0:00:03]} 34. Qc3+ {[%emt 0:00:02]} f6 {[%emt 0:00:02]} 35. g4 {[%emt 0:00:04]} Qf4 {[%emt 0:00:03]} 36. g3 {[%emt 0:00:08]} hxg3 {[%emt 0:00:02]} 37. fxg3 {[%emt 0:00:01]} Qe5 {[%emt 0:00:01]} 38. Nxc5 {[%emt 0:00:11]} Qxc3 {[%emt 0:00:02]} 39. Ne6+ {[%emt 0:00:01]} Kf7 {[%emt 0:00:01]} 40. Nxd8+ {[%emt 0:00:01]} Kg8 {[%emt 0:00:02]} 41. Rxc3 {[%emt 0:00:00]} Rxd8 {[%emt 0:00:01]} 42. Rc7 {[%emt 0:00:01]} Ne5 {[%emt 0:00:00]} 43. Rxb7 {[%emt 0:00:01]} Nf3+ {[%emt 0:00:01]} 44. Kf2 {[%emt 0:00:02]} Nxe1 {[%emt 0:00:00]} 45. Kxe1 {[%emt 0:00:00]} Re8+ {[%emt 0:00:01]} 46. Kf2 {[%emt 0:00:02]} Re5 {[%emt 0:00:00]} 47. b4 {[%emt 0:00:02]} Rxd5 {[%emt 0:00:01]} 48. Rb6 {[%emt 0:00:01]} Kf7 {[%emt 0:00:06]} 49. Rxa6 {[%emt 0:00:02]} Ke7 {[%emt 0:00:01]} 50. Rb6 {[%emt 0:00:02]} Kd7 {[%emt 0:00:01]} 51. a6 {[%emt 0:00:01]} Kc7 {[%emt 0:00:01]} 52. Rb7+ {[%emt 0:00:01]} Kc8 {[%emt 0:00:05]} 53. b5 {[%emt 0:00:01]} Rc5 {[%emt 0:00:03]} 54. b6 {[%emt 0:00:02]} d5 {[%emt 0:00:05]} 55. Rf7 {[%emt 0:00:04]} Ra5 {[%emt 0:00:04]} 56. b7+ {[%emt 0:00:01]} Kb8 {[%emt 0:00:03]} 57. Rf8+ {[%emt 0:00:01]} Ka7 {[%emt 0:00:01]} 58. b8=Q+ {[%emt 0:00:01]} Kxa6 {[%emt 0:00:00]} 59. Rxf6# {[%emt 0:00:02] (Lag: Av=0.91s, max=2.8s)} 1-0

[Event "Silkway Cup"]
[Site "T#646345FIDE"]
[Date "2020.05.28"]
[Round "13"]
[White "Sandrika"]
[Black "Ati1517"]
[Result "1/2-1/2"]
[WhiteElo "1640"]
[BlackElo "1604"]
[Annotator "NA"]
[PlyCount "54"]
[EventDate "2020.05.28"]
[EventType "swiss (blitz)"]

1. d4 {[%emt 0:00:03]} d5 {[%emt 0:00:01]} 2. c4 {[%emt 0:00:02]} e6 {[%emt 0:00:02]} 3. Nc3 {[%emt 0:00:02]} Nf6 {[%emt 0:00:01]} 4. cxd5 {[%emt 0:00:02]} exd5 {[%emt 0:00:03]} 5. Bg5 {[%emt 0:00:01]} Be7 {[%emt 0:00:02]} 6. e3 {[%emt 0:00:01]} O-O {[%emt 0:00:02]} 7. Bd3 {[%emt 0:00:02]} c6 {[%emt 0:00:02]} 8. Nf3 {[%emt 0:00:02]} Nbd7 {[%emt 0:00:02]} 9. O-O {[%emt 0:00:02]} Re8 {[%emt 0:00:05]} 10. Qc2 {[%emt 0:00:01]} h6 {[%emt 0:00:12]} 11. Bf4 {[%emt 0:00:01]} Nf8 {[%emt 0:00:04]} 12. h3 {[%emt 0:00:06]} Bd6 {[%emt 0:00:08]} 13. Ne5 {[%emt 0:00:02]} Qe7 {[%emt 0:00:01]} 14. Bh2 {[%emt 0:00:05]} c5 {[%emt 0:00:09]} 15. Nb5 {[%emt 0:00:11]} Bb8 {[%emt 0:00:08]} 16. Rac1 {[%emt 0:00:36]} a6 {[%emt 0:00:16]} 17. Nc3 {[%emt 0:00:02]} c4 {[%emt 0:00:01]} 18. Bf5 {[%emt 0:00:01]} Bxf5 {[%emt 0:00:08]} 19. Qxf5 {[%emt 0:00:00]} Bc7 {[%emt 0:00:16]} 20. a4 {[%emt 0:00:16]} Rad8 {[%emt 0:00:03]} 21. b3 {[%emt 0:00:16]} cxb3 {[%emt 0:00:07]} 22. Qb1 {[%emt 0:00:03]} N8d7 {[%emt 0:00:12]} 23. f4 {[%emt 0:00:23]} Qb4 {[%emt 0:00:22]} 24. Nd3 {[%emt 0:00:17]} Qd6 {[%emt 0:00:10]} 25. Ne5 {[%emt 0:00:09]} Qb4 {[%emt 0:00:06]} 26. Nd3 {[%emt 0:00:05]} Qd6 {[%emt 0:00:07]} 27. Ne5 {[%emt 0:00:03]} Qb4 {[%emt 0:00:07] (Lag: Av=0.82s, max=1.8s)} 1/2-1/2